| 000 | 01085nam a22002537a 4500 | ||
|---|---|---|---|
| 005 | 20170124103045.0 | ||
| 010 | _aA-836355 | ||
| 020 |
_c80.00 _a8185244162 |
||
| 035 | _aA-836355 | ||
| 037 | _bCen Lib/Ret | ||
| 040 |
_aDPL _bHN |
||
| 082 |
_aउ _bप्रसाद |
||
| 100 |
_aप्रसाद, गणपत _968724 |
||
| 245 |
_aदेवयानी : _cप्रसाद गणपत _bजीवन का एक करुण उपन्यास / |
||
| 246 |
_aDevyaani : jeevan ka ek karun upanyas / _bby Prasad Ganpat |
||
| 260 |
_aनयी दिल्ली _bहिंदी बुक सेंटर _c1996 |
||
| 270 |
_bनयी दिल्ली _a4/5-बी, आसफ अली रोड _e110002 |
||
| 300 |
_a88पृ. _c19सेमी (सजिल्द) |
||
| 650 |
_aहिंदी साहित्य _968725 |
||
| 650 |
_aहिंदी साहित्य _xउपन्यास _942619 |
||
| 650 |
_aHindi literature _968726 |
||
| 650 |
_aHindi literature _xfiction _968727 |
||
| 942 |
_2ddc _cHN _hउ _mप्रसाद |
||
| 999 |
_c116867 _d116867 |
||